Diseño de planta experimental para el Secado de Café Instantáneo trabajando en cielo cerrado
Presenta el diseño de una planta experimental para el secado de café instantáneo operando en ciclo cerrado. El propósito de la misma es recircular el aire de secado luego de removerle el vapor, de esta manera los volátiles que se desprenden durante el proceso de secado quedan atrapados en la c...
| Main Author: | |
|---|---|
| Other Authors: | |
| Format: | Tesis Section = Libro |
| Language: | Undetermined Spanish |
| Published: |
Managua
UNI
2001
|
| Subjects: |
| LEADER | 01343nam a2200217Ia 4500 | ||
|---|---|---|---|
| 008 | 240830s9999 xx 000 0 und d | ||
| 040 | |a BIBLIOTECA-RUSB/ Mon 660.28426 N238 | ||
| 041 | |a spa | ||
| 082 | |a Mon 660.28426 N238 | ||
| 100 | 1 | |a Narváez González, Ernesto David | |
| 245 | 1 | 0 | |a Diseño de planta experimental para el Secado de Café Instantáneo trabajando en cielo cerrado |
| 260 | |a Managua |b UNI |c 2001 | ||
| 300 | |a 180 p. :il. | ||
| 502 | |a Tesis (Ingeniero Químico) - UNI, 2001. | ||
| 520 | 3 | |a Presenta el diseño de una planta experimental para el secado de café instantáneo operando en ciclo cerrado. El propósito de la misma es recircular el aire de secado luego de removerle el vapor, de esta manera los volátiles que se desprenden durante el proceso de secado quedan atrapados en la corriente de aire y cuando éste se satura de ellos, no es capaz de extraer más volátiles. Describe el diseño de los distintos equipos que formarán parte de la planta experimental así como los requerimientos de instrumentación y accesorios que garanticen la flexibilidad y operatividad de la planta. | |
| 650 | 7 | |a PROCESO DE EVAPORACION Y SECADO-CAFE INSTANTANEO | |
| 650 | 7 | |b DISEÑO PLANTA EXPERIMENTAL-SECADO DE CAFE | |
| 700 | 1 | |a Tutor: |b Gamero P., Rafael | |
| 942 | |c BK |2 ddc | ||
| 991 | |a TESIS | ||
| 999 | |c 20654 | ||